LEADER 00874nam0 2200265 450 001 000021429 005 20090113142859.0 100 $a20090113d1957----km-y0itay50------ba 101 0 $aeng 102 $aGB 105 $aafd-----001yy 200 1 $aSurveys of the seas$ea brief history of British hydrography$fby Mary Blewitt$gforeword by Archibald Day$gappendix on ships and instruments by G. P. B. Naish 210 $a[London]$cMacgibbon & Kee$d1957 215 $a178 p.$cill.$d39 cm 500 10$aSurveys of the seas$946522 610 1 $aIdrografia$aGran Bretagna 676 $a526.99$v19 700 1$aBlewitt,$bMary$028997 702 1$aDay,$bArchibald 702 1$aNaish,$bG. P. B. 801 0$aIT$bUNIPARTHENOPE$c20090113$gRICA$2UNIMARC 912 $a000021429 951 $aG 526.99/4$bG 197$cDSA$d2009 996 $aSurveys of the seas$946522 997 $aUNIPARTHENOPE LEADER 01073nam0 22002531i 450 001 UON00383353 005 20231205104538.326 100 $a20100720d1934 |0itac50 ba 101 $aita 102 $aIT 105 $a|||| 1|||| 200 1 $aIrregolaritą di pronunzia della lingua francese, con pronunzia figurata e note$evocabolarietto dei principali nomi degli abitanti delle diverse parti della terra$fP. Restaino 210 $aAvellino$cPergola$d1934 215 $a106 p.$d19 cm. 606 $aLingua francese$xFonetica$3UONC069902$2FI 620 $aIT$dAvellino$3UONL001388 676 $a414$cFONETICA$v21 700 1$aRESTAINO$bPasquale$3UONV197711$0704308 801 $aIT$bSOL$c20250627$gRICA 899 $aSIBA - SISTEMA BIBLIOTECARIO DI ATENEO$2UONSI 912 $aUON00383353 950 $aSIBA - SISTEMA BIBLIOTECARIO DI ATENEO$dSI IX RES $eSI MR 4506 7 996 $aIrregolaritą di pronunzia della lingua francese, con pronunzia figurata e note$91352978 997 $aUNIOR